000 00404nam a22001337a 4500
040 _cNUST
082 _a200 THE
100 _aRehan Ashraf
_991926
110 _aSupervisor Dr. Shahzor Ahmed
_991927
245 _aTH-SOF-1992-Frequency Synchronization in Filtered OFDM and Universal Filter Multicarrier
260 _aISLAMABAD:
_bNUST COLLEGE OF EME,
_c2022.
650 _aMS-ELECT-18
942 _2ddc
_cTHE
999 _c590043
_d590043